000 00521nam a2200181Ia 4500
003 GCL
008 140319s9999 xx 000 0 ara d
040 _aGCL /
_cGCL
082 0 4 _aد
_b050
100 1 _aعلى ادهم
245 1 0 _aالجمعيات السرية ( اقرا 138 ) /
_cعلى ادهم
300 _a158 ص
490 _aوثائق ونصوص
_v0
650 0 4 _aالاحوال السياسية
650 0 4 _aالجمعيات السرية
650 0 4 _aالخرافات الدينية
942 _2ddc
_cCF
999 _c27289
_d27289